|
|
|
|
| LEADER |
01174nam a2200253 u 4500 |
| 001 |
10043423 |
| 003 |
GR-PaULI |
| 005 |
20210117210935.0 |
| 008 |
020313m19291930fr p fre |
| 952 |
|
|
|0 0
|1 0
|2 ddc
|3 τ.1
|4 0
|6 962_030000000000000_ΠΟΛ
|7 0
|9 234022
|a LISP
|b LISP
|c BSC
|d 2019-07-16
|i 13241
|l 0
|o 962.03 ΠΟΛ
|p 025000264139
|r 2019-07-16 00:00:00
|t 1
|v 2019.00
|w 2019-07-16
|y BK15
|
| 999 |
|
|
|c 141947
|d 141947
|
| 040 |
|
|
|a GR-PaULI
|c GR-PaULI
|b gre
|e AACR2
|
| 082 |
0 |
4 |
|a 962.03
|2 23
|
| 100 |
1 |
|
|9 177161
|a Πολίτης, Αθανάσιος Γ.
|e συγγραφέας.
|
| 245 |
1 |
3 |
|a L' Hellenisme et l' Egypte moderne /
|b
|c Athanase G. Politis.
|
| 260 |
|
|
|a Paris :
|b Alcan,
|c 1929-1930.
|
| 300 |
|
|
|a 2 τ. ;
|c 22 εκ.
|
| 500 |
|
|
|a τ. 1. - 530 σ. - 1929 --
|
| 505 |
|
|
|a τ.1. Histoire de l'Hellenisme egyptien de 1798 a 1927 -- τ.2. Contribuction de l'Hellenisme au developpement de l'Egypte moderne
|
| 650 |
|
4 |
|9 177162
|a Έλληνες
|z Αίγυπτος.
|
| 651 |
|
4 |
|9 177163
|a Αίγυπτος
|x Πολιτισμός
|x Ελληνικές επιδράσεις.
|
| 651 |
|
4 |
|9 23243
|a Αίγυπτος
|x Ιστορία
|
| 942 |
|
|
|2 ddc
|c BK15
|
| 998 |
|
|
|c ΜΠΟΥΡΑΣ
|d 2019-07
|